Identification and Assessment of Trustworthiness of Artificial Intelligence through text prompts
Saved in:
| Main Author: | |
|---|---|
| Other Authors: | |
| Format: | Manuscript Book |
| Language: | Slovak English |
| Published: |
2025
|
| Subjects: | |
| Online Access: | http://is.stuba.sk/zp/portal_zp.pl?podrobnosti=175269 |
| Tags: |
No Tags, Be the first to tag this record!
|
MARC
| LEADER | 00000ntm a22000003a 4500 | ||
|---|---|---|---|
| 001 | stuzp102890 | ||
| 003 | SK-STU | ||
| 005 | 20250614211718.7 | ||
| 007 | ta | ||
| 008 | 150427s2015----xo-----f-mn---000-0-slo-d | ||
| 040 | |a STU |b slo | ||
| 041 | 0 | |a eng | |
| 100 | 1 | |a Hlaváč, Martin |u 070400 |4 aut |U FIIT Fakulta informatiky a informačných technológií |T FIIT Ústav počítačového inžinierstva a aplikovanej informatiky |X 120792 |U I400 |Y 672 |7 120792 | |
| 242 | 0 | 1 | |a Identifikácia a hodnotenie dôveryhodnosti umelej inteligencie prostredníctvom textových pokynov |y slo |
| 245 | 1 | 0 | |a Identification and Assessment of Trustworthiness of Artificial Intelligence through text prompts |
| 260 | |c 2025 | ||
| 650 | 4 | |a large language models |2 eng | |
| 650 | 4 | |a artificial intelligence |2 eng | |
| 650 | 4 | |a machine learning |2 eng | |
| 650 | 4 | |a umelá inteligencia |2 slo | |
| 650 | 4 | |a strojové učenie |2 slo | |
| 650 | 4 | |a veľké jazykové modely |2 slo | |
| 700 | 1 | |a Bakonyi, Peter |u 070400 |k Z8 |4 ths |U FIIT Fakulta informatiky a informačných technológií |T FIIT Ústav počítačového inžinierstva a aplikovanej informatiky |X 73658 |U I400 |Y 672 |7 73658 | |
| 856 | 4 | |u http://is.stuba.sk/zp/portal_zp.pl?podrobnosti=175269 | |